| 000 | 00835nas a2200277 4500 | ||
|---|---|---|---|
| 001 | BR8306346 | ||
| 003 | BR-BrBNA | ||
| 005 | 20231205085723.0 | ||
| 007 | ta | ||
| 008 | 230509b bl.|||p| |||| 00| 00por d | ||
| 040 |
_aBR-BrBNA _bpor _cBiblioteca Nacional de Agricultura |
||
| 041 | _a(Pt) | ||
| 072 | _aN20 | ||
| 100 | 1 | _aSilva, J.G. da | |
| 100 | 1 | _aFonseca, J.R. | |
| 100 | 1 | _aConto, A.J. de | |
| 245 | 1 | _aA colheita mecanizada do feijao no Brasil | |
| 650 | _aCOLHEITA MECANICA | ||
| 650 | _aFEIJAO | ||
| 650 | _aMECANIZACAO AGRICOLA | ||
| 650 | _aEQUIPAMENTO AGRICOLA | ||
| 650 | _aGRAO | ||
| 773 | 0 |
_tInforme Agropecuario - Empresa de Pesquisa Agropecuaria de Minas Gerais (Brazil) _xISSN 0100-3364 _g(Jul 1983), v. 9(103) p. 40-42 _wBR8306346 |
|
| 909 |
_a202311 _bLúcia _c55 _dLúcia Elande |
||
| 942 |
_2AGRIS _n0 _cANA |
||
| 999 |
_c113345 _d113345 |
||